| 000 | 00607nas a2200229 4500 | ||
|---|---|---|---|
| 001 | BR9104442 | ||
| 003 | BR-BrBNA | ||
| 005 | 20231205092207.0 | ||
| 007 | ta | ||
| 008 | 230509b bl.|||p| |||| 00| 00por d | ||
| 040 |
_aBR-BrBNA _bpor _cBiblioteca Nacional de Agricultura |
||
| 041 | _a(Pt) | ||
| 072 | _aN20 | ||
| 100 | 1 | _aAnon. | |
| 245 | 1 | _aFerramentas e equipamentos [uso no pomar] | |
| 650 | _aEQUIPAMENTO AGRICOLA | ||
| 650 | _aPRECO | ||
| 650 | _aPRATICO | ||
| 773 | 0 |
_tGuia Rural (Brazil) _x _g(1991), p. 59-61 _wBR9104442 |
|
| 909 |
_a202311 _bLúcia _c55 _dLúcia Elande |
||
| 942 |
_2AGRIS _n0 _cANA |
||
| 999 |
_c129995 _d129995 |
||